| 000 | 00726cas a2200241 4500 | ||
|---|---|---|---|
| 001 | 20840 | ||
| 003 | NPUST-NET | ||
| 005 | 20260204105810.0 | ||
| 008 | 950104 1990 ch chi d | ||
| 015 | _a144965 | ||
| 022 | 1 | _a10158367 | |
| 035 | _a(FSTOP)144965 | ||
| 040 |
_a廸懋 _c廸懋 |
||
| 041 | 0 | _achi | |
| 042 | _anbic | ||
| 044 | _ach | ||
| 090 | _b2008 v34 n8 | ||
| 245 | 0 | 0 | _a鄉間小路 雜誌 |
| 260 |
_a臺北市 : _b豐年社, _c民79- |
||
| 300 |
_a冊 ; _c30公分 |
||
| 590 | _av.7:6-7,11-12,16,34,36,38-45,47,48(民70);v.11:4,11,24,26,28,34-38,40-42,45,48,49,51,52(民74);v.14;7-11,13-16,20 ,28,32,34,38,39(民77);v.15:2-8,12,22-24,29,39,41-44,46-50(民78);v.16(民79)- | ||
| 942 |
_2ccl _cJOURNAL |
||
| 999 |
_c7695 _d7695 |
||